000 00271nam a2200121 a 4500
008 100917s1986|||| d
100 1 _aDick, Philip K.
245 1 0 _aTemný obraz
260 _bSmena
_aBratislava
_c1986
020 _c33
044 _axo
_cSK
041 _aslo
999 _c10433
_d10433